Biblioteca

Secularización : (Registro nro. 69643)

Detalles MARC
000 -LÍDER
Campo fijo de descripción fija 01264nab a2200217 i 4500
001 - NÚMERO DE CONTROL
Campo de control 768714001
003 - IDENTIFICADOR DEL NÚMERO DE CONTROL
Campo de control CO-MdFUSB
005 - FECHA Y HORA DE LA ULTIMA TRANSACCIÓN
control field 20240509122056.0
008 - ELEMENTOS DE LONGITUD FIJA -- INFORMACIÓN GENERAL
Campo fijo de descripción fija -- Información general 240509t1969 sp ||||| |||| 00| 0 spa d
040 ## - FUENTE DE CATALOGACIÓN
Idioma de catalogación spa
Agencia que realiza la transcripción CO-MdFUSB
Agencia que realiza la modificación CO-MdFUSB
041 ## - CÓDIGO DE IDIOMA
Código de idioma para texto/pista de sonido o título separado spa
100 ## - ASIENTO PRINCIPAL--NOMBRE PERSONAL
Nombre personal Comblin, José
Término relacionador autor
245 1# - TÍTULO
Título Secularización :
Subtitulo mitos, realidades, problemas
Mención de responsabilidad / José Comblin
520 ## - NOTA DE RESUMEN, ETC.
Nota de sumario, etc. Al proponer una teoría de la secularización, se verifica la aspiración histórica de Joaquín de Fiore, que es anticipar la purificación del cristianismo en la historia y abordar la tarea y el desafío de cada generación. <br/>Las debilidades del movimiento espiritual post-reconciliación pueden deberse a la falsa seguridad y optimismo que rodean el futuro en esta forma de escatología. Otro peligro es que se obstaculicen las búsquedas pastorales.
650 #7 - ASIENTO SECUNDARIO DE MATERIA - TERMINO TEMÁTICO
Término temático o nombre geográfico como elemento de entrada Secularización (Teología)
9 (RLIN) 6926
650 #0 - ASIENTO SECUNDARIO DE MATERIA - TERMINO TEMÁTICO
Término temático o nombre geográfico como elemento de entrada Historia de la Iglesia
9 (RLIN) 153
653 ## - TÉRMINO DE INDIZACIÓN - NO CONTROLADO
Término no controlado Sacralización y secularización en la historia de la Iglesia
773 0# - ASIENTO DE ITEM FUENTE
Biblionumber 49450
Itemnumber 82610
Otro identificador del ítem R2537
Título Revista internacional de teología Concilium
Número de control del registro (CO-MdFUSB)8
Número Internacional Normalizado para Publicaciones Seriadas (ISSN) 0210-1041
Parte(s) relacionada(s) / Volumen., número. (mes año), páginas Número 47, (julio - agosto, 1969), páginas: 115 - 127
Enumeración y primera página página: 115
942 ## - TIPO DE MATERIAL (KOHA)
Tipo de Item KOHA Artículos de Revista
945 ## - INFORMACIÓN LOCAL DEL REGISTRO
Catalogador Catherine Arias Alvarez - Practicante SENA

No hay ítems disponibles.

Biblioteca FUSBC | Teléfono: (57+4) 349 88 10 Ext. 141| WhatsApp (+57) 3005338115 
E-mail: biblioteca@unisbc.edu.co | Calle 76 87-14 Robledo Palenque, Medellín, Colombia

Con tecnología Koha